000 00377nam a2200145Ia 4500
008 231129s1993||||xx |||||||||||||| ||spa||
020 _a958-612-160-7
040 _bspa
082 _aCo863 A594r
100 _aAngulo Ponce Maria Juana
245 0 _aRelatos de mar y selva
260 _c1993
264 _aColcultura
942 _2ddc
_cBKS
999 _c23946
_d23946